Sports Quiz

Random Sports or Football Quiz

Footballers by Height - Arsenal Quiz Stats

 Plays Quiz not verified by Sporcle

Support Sporcle.
Go Orange.
Score 0/10 Timer 08:00
0 Plays Today
Height in Metres Player Name % Correct
1.89mBernd Leno & David Luiz
100%
1.85mCalum Chambers & Matteo Guendouzi & Granit Xhaka & Joe Willock
96.9%
1.83mSead Kolasinac & Nicolas Pepe
93.8%
1.75mAlexandre Lacazette & Reiss Nelson
93.8%
1.87mPierre-Emerick Aubameyang
92.3%
1.78mHector Bellerin & Kieran Tierney
92.3%
1.68mLucas Torreira
89.2%
1.80mMesut Ozil
87.7%
1.76mGabriel Martinelli
67.7%
1.77mAinsley Maitland-Niles
63.1%

You're not logged in!

Compare scores with friends on all Sporcle quizzes.
OR
Log In

From the Vault

Who Was Top Billed?

by g_norm

Once you've been top billed, that's when you know you've made it.
Remove Ads.
Support Sporcle.
Get the best of Sporcle when you Go Orange. This ad-free experience offers more features, more stats, and more fun while also helping to support Sporcle. Thank you for becoming a member.

Show Comments

Extras

Top Quizzes Today


Score Distribution

Your Account Isn't Verified!

In order to create a playlist on Sporcle, you need to verify the email address you used during registration. Go to your Sporcle Settings to finish the process.

Report this User

Report this user for behavior that violates our Community Guidelines.

Details: